2-D proteome analysis protocols /

Bibliographic Details
Other Authors: Link, Andrew J.
Format: Book
Language:English
Published: Totowa, N.J. : Humana Press, [1999]
Series:Methods in molecular biology (Clifton, N.J.) ; v. 112.
Subjects:

MARC

Tag First Indicator Second Indicator Subfields
LEADER 00000cam a2200000 a 4500
001 in00001484708
005 20151021071942.0
008 980728s1999 njua b 001 0 eng
010 |a  98038677  
020 |a 0896035247 (alk. paper) 
035 |a (OCoLC)39633795 
035 |9 AJH3047AM 
040 |a DLC  |c DLC  |d AGL  |d TXA  |d UtOrBLW 
049 |a TXAM 
050 0 0 |a QP551  |b .A14 1999 
070 0 |a QH506.M45  |b v.112 
072 0 |a X300 
082 0 0 |a 572/.6  |2 21 
245 0 0 |a 2-D proteome analysis protocols /  |c edited by Andrew J. Link. 
246 3 |a Two-D proteome analysis protocols 
264 1 |a Totowa, N.J. :  |b Humana Press,  |c [1999] 
264 4 |c ©1999 
300 |a xvii, 601 pages :  |b illustrations ;  |c 24 cm. 
336 |a text  |b txt  |2 rdacontent 
337 |a unmediated  |b n  |2 rdamedia 
338 |a volume  |b nc  |2 rdacarrier 
490 1 |a Methods in molecular biology ;  |v v. 112 
504 |a Includes bibliographical references and index. 
650 0 |a Proteins  |x Analysis. 
650 0 |a Gel electrophoresis. 
650 0 |a Gene expression  |x Research  |x Methodology. 
700 1 |a Link, Andrew J. 
830 0 |a Methods in molecular biology (Clifton, N.J.) ;  |v v. 112. 
948 |a c:dm 
999 |a MARS 
999 f f |s 32ba6a77-299b-36af-88a9-f839ef8f8021  |i a3bc247a-6d20-3cfa-9089-cde7a358ec90  |t 0 
952 f f |p normal  |a Texas A&M University  |b College Station  |c Sterling C. Evans Library  |d Evans: Library Stacks  |t 0  |e QP551 .A14 1999  |h Library of Congress classification  |i unmediated -- volume  |m A14825249781 
998 f f |a QP551 .A14 1999  |t 0  |l Evans: Library Stacks